000 00478nam a2200181Ia 4500
005 20250326124318.0
008 250326s9999 xx 000 0 und d
037 _aTextbook
040 _aFMSL
_beng
_cFMSL
041 _aeng
_2eng
084 _aX:7 L0
_qFMSL
100 _aTrescott P B
_9343409
245 0 _aLogic of the price system
_cTrescott P B
260 _aNY
_bNY, McGraw-Hill
_c1970
300 _a455p
942 _cTB
_hX:7 L0
999 _c1273216
_d1273216